000 00512pab a2200193 454500
008 180718b2008 xxu||||| |||| 00| 0 eng d
100 _aSwamiraj, D.
245 _aBuilding an effective industry - institution interface for education innovation
260 _c2008
300 _ap.7-10.
362 _a10 Mar
650 _aEducation
650 _aIndustry and education
700 _aDhanapal, R.
700 _aBoominathan, M. Marcus Diepen
773 _aUniversity News
908 _aN
909 _a77508
999 _c77508
_d77508